| 000 | 04013nab a2200373 i 4500 | ||
|---|---|---|---|
| 003 | BR-BrBNA | ||
| 005 | 20241025092523.0 | ||
| 008 | 241025b2019 bl.|r|pooa||| 00| 0 eng | | ||
| 040 |
_aBR-BrBNA _beng |
||
| 072 |
_aL70 _b5400 |
||
| 072 | _aL50 | ||
| 100 | _aDantas, W.M.F. | ||
| 100 | _aRibeiro Filho, J.D. | ||
| 100 | _aSilva, G.M.M. | ||
| 100 | _aErmita, P.A.N. | ||
| 100 | _aMonteiro, L.C. | ||
| 100 | _aCosta, C.M. | ||
| 100 | _a Alves, S.R. | ||
| 100 | _aSilva, M.O. | ||
| 100 | _a Favarato, E.S. | ||
| 245 | _aHypotonic enteral electrolyte solutions administered by nasoesophageal tube in continuous flow in dogs dehydrated by water restriction: Part 1 | ||
| 500 | _aPublicação online; 23 ref.; 2 tables; Summaries (En, Pt) | ||
| 520 | _a ABSTRACT - The present study assessed and compared the effects of hypotonic enteral electrolyte solutions administered by nasoesophageal tube in continuous flow in dogs submitted to water restriction on packed cell volume; total serum protein and serum osmolarity concentrations; blood volume; plasma glucose and lactate levels; blood gas analysis, anion gap, and strong ion difference. Six adult dogs were used (four males and two females). All animals were submitted to both proposed treatments in a crossover design 6×2. The treatments were as follows: ESmalt consisting of 5g sodium chloride, 1g potassium chloride, 1g calcium acetate, 0.2g magnesium pidolate, and 9.6g maltodextrin that were diluted in 1.000mL water measured osmotic concentration of 215mOsm L−1) and ESdext consisting of 5g sodium chloride, 1g potassium chloride, 1g calcium acetate, 0.2g magnesium pidolate, and 9.6g dextrose that were diluted in 1.000mL water (measured osmotic concentration of 243mOsm L−1). All solutions were administered at 15ml kg−1 h 1 for 4 hours. Both solutions increased the plasma volume in dehydrated dogs without causing adverse effects. However, ESmalt was more effective in promoting the increase in blood volume. Keywords: canine, blood gas analysis, blood volume, enteral fluid therapy | ||
| 520 | _a RESUMO - O presente estudo avaliou e comparou os efeitos de soluções eletrolíticas enterais hipotônicas, administradas por sonda nasoesofágica em fluxo contínuo em cães submetidos a restrição hídrica, sobre o hematócrito, proteínas totais séricas, osmolaridade sérica, volemia, glicose e lactato plasmáticos, hemogasometria, ânion gap e DIF. Foram utilizados seis cães adultos (quatro machos e duas fêmeas). Todos os animais foram submetidos aos dois tratamentos propostos, em um delineamento crossover 6×2. Os tratamentos foram os seguintes: SEmalt – 5g de cloreto de sódio, 1g de cloreto de potássio, 1g de acetato de cálcio, 0,2g de pidolato de magnésio e 9,6g de maltodextrina, diluídos em 1.000mL de água (osmolaridade mensurada: 215mOsm L-1 ); SEdext – 5g de cloreto de sódio, 1g de cloreto de potássio, 1g de acetato de cálcio, 0,2g de pidolato de magnésio e 9,6g de dextrose, diluídos em 1.000mL de água (osmolaridade mensurada: 243mOsm L-1). Todas as soluções foram administradas no volume de 15mL kg-1 hora-1 , durante quatro horas, em fluxo contínuo. Ambas as soluções aumentaram o volume plasmático em cães desidratados, sem gerar o aparecimento de efeitos adversos. Porém, a SEmalt foi mais eficaz em promover a expansão da volemia. Palavras-chave: canino, hemogasometria, hipovolemia, hidratação enteral | ||
| 650 | _aCÃO | ||
| 650 | _aDESIDRATAÇÃO | ||
| 650 | _aDISTÚRBIO ANIMAL | ||
| 650 | _aBIOQUÍMICA ANIMAL | ||
| 650 | _aVETERINÁRIA | ||
| 773 | 0 |
_01643 _9345608 _dBelo Horizonte-MG Universidade Federal de Minas Gerais - Escola de Veterinaria 1983 _o2024-6240 _tArquivo Brasileiro de Medicina Veterinária e Zootecnia (Brazil) _x0102-0935 _gv. 71(2) p. 404-410. (2019) _wBR2024002966 |
|
| 856 | _uhttps://www.scielo.br/j/abmvz/a/bpMr93ZFhFz4jBcK3YMNftD/?format=pdf&lang=en | ||
| 942 | _cANA | ||
| 999 |
_c328285 _d328285 |
||